<?xml version="1.0" encoding="UTF-8"?>
<collection xmlns="http://www.loc.gov/MARC21/slim">
<record>
  <controlfield tag="001">161112</controlfield>
  <controlfield tag="005">20251017144643.0</controlfield>
  <datafield tag="024" ind1="7" ind2=" ">
    <subfield code="2">doi</subfield>
    <subfield code="a">10.1021/acsabm.5c00233</subfield>
  </datafield>
  <datafield tag="024" ind1="8" ind2=" ">
    <subfield code="2">sideral</subfield>
    <subfield code="a">144216</subfield>
  </datafield>
  <datafield tag="037" ind1=" " ind2=" ">
    <subfield code="a">ART-2025-144216</subfield>
  </datafield>
  <datafield tag="041" ind1=" " ind2=" ">
    <subfield code="a">eng</subfield>
  </datafield>
  <datafield tag="100" ind1=" " ind2=" ">
    <subfield code="a">Fernández-Méndez, Laura</subfield>
  </datafield>
  <datafield tag="245" ind1=" " ind2=" ">
    <subfield code="a">NIR-II Photoresponsive Magnetoliposomes for Remote-Controlled Release and Magnetic Resonance Imaging</subfield>
  </datafield>
  <datafield tag="260" ind1=" " ind2=" ">
    <subfield code="c">2025</subfield>
  </datafield>
  <datafield tag="506" ind1="0" ind2=" ">
    <subfield code="a">Access copy available to the general public</subfield>
    <subfield code="f">Unrestricted</subfield>
  </datafield>
  <datafield tag="520" ind1="3" ind2=" ">
    <subfield code="a">Magnetic nanoparticles, especially iron oxide nano-particles, have become versatile and widely used tools in nanomedicinedue to their unique magnetic properties, biocompatibility, and tunablefunctionality. Liposomes have further enhanced the potential of ironoxide nanoparticles by serving as effective nanocarriers with advantagessuch as drug coencapsulation and enhanced molecular imagingproperties. In this study, we present magnetoliposomes composed ofultrasmall free-floating iron oxide nanoparticles inside liposomes (LP-IONPs) and thermoresponsive phospholipids, which were designed asdual T2-T1 magnetic resonance imaging (MRI) contrast agents forimage-guided liposome degradation and infrared light-responsivenanocarriers in the second biological window for remote-controlleddrug delivery. We demonstrated a dynamic shift from T2 to T1 MRIcontrast during intracellular degradation of LP-IONPs, along with successful light-activated drug release in cancer cells.Biodistribution studies using MRI and histological analysis confirmed their potential for in vivo applications. These results highlightthe potential of LP-IONPs as image-guided and remote-controlled drug delivery systems.</subfield>
  </datafield>
  <datafield tag="536" ind1=" " ind2=" ">
    <subfield code="9">info:eu-repo/grantAgreement/ES/AEI/AEI PID2021-123238OB-I00</subfield>
    <subfield code="9">info:eu-repo/grantAgreement/ES/DGA/E15-23R</subfield>
    <subfield code="9">info:eu-repo/grantAgreement/ES/MCIN/PID2019-106139RA-100</subfield>
    <subfield code="9">info:eu-repo/grantAgreement/ES/MICINN/CNS2023-143944</subfield>
    <subfield code="9">info:eu-repo/grantAgreement/ES/MICINN/CNS2023-144321</subfield>
    <subfield code="9">info:eu-repo/grantAgreement/ES/MICINN/RYC2020-030241-I</subfield>
  </datafield>
  <datafield tag="540" ind1=" " ind2=" ">
    <subfield code="9">info:eu-repo/semantics/embargoedAccess</subfield>
    <subfield code="a">All rights reserved</subfield>
    <subfield code="u">http://www.europeana.eu/rights/rr-f/</subfield>
  </datafield>
  <datafield tag="655" ind1=" " ind2="4">
    <subfield code="a">info:eu-repo/semantics/article</subfield>
    <subfield code="v">info:eu-repo/semantics/acceptedVersion</subfield>
  </datafield>
  <datafield tag="700" ind1=" " ind2=" ">
    <subfield code="a">Fernández-Afonso, Yilian</subfield>
    <subfield code="0">(orcid)0000-0002-0970-1917</subfield>
  </datafield>
  <datafield tag="700" ind1=" " ind2=" ">
    <subfield code="a">Martínez-Vicente, Pablo</subfield>
    <subfield code="u">Universidad de Zaragoza</subfield>
  </datafield>
  <datafield tag="700" ind1=" " ind2=" ">
    <subfield code="a">Urkola-Arsuaga, Ainhize</subfield>
  </datafield>
  <datafield tag="700" ind1=" " ind2=" ">
    <subfield code="a">Miranda-Pérez de Alejo, Claudia</subfield>
  </datafield>
  <datafield tag="700" ind1=" " ind2=" ">
    <subfield code="a">L. de la Pisa, Irati</subfield>
  </datafield>
  <datafield tag="700" ind1=" " ind2=" ">
    <subfield code="a">Plaza-García, Sandra</subfield>
  </datafield>
  <datafield tag="700" ind1=" " ind2=" ">
    <subfield code="a">Ruíz-Cabello, Jesús</subfield>
  </datafield>
  <datafield tag="700" ind1=" " ind2=" ">
    <subfield code="a">Ramos-Cabrer, Pedro</subfield>
  </datafield>
  <datafield tag="700" ind1=" " ind2=" ">
    <subfield code="a">Gutiérrez, Lucía</subfield>
    <subfield code="0">(orcid)0000-0003-2366-3598</subfield>
  </datafield>
  <datafield tag="700" ind1=" " ind2=" ">
    <subfield code="a">Carregal-Romero, Susana</subfield>
  </datafield>
  <datafield tag="710" ind1="2" ind2=" ">
    <subfield code="1">1003</subfield>
    <subfield code="2">027</subfield>
    <subfield code="a">Universidad de Zaragoza</subfield>
    <subfield code="b">Dpto. Anatom.Histolog.Humanas</subfield>
    <subfield code="c">Area Anatom.Embriol.Humana</subfield>
  </datafield>
  <datafield tag="773" ind1=" " ind2=" ">
    <subfield code="g">(2025), [15 pp.]</subfield>
    <subfield code="p">ACS appl. bio mater.</subfield>
    <subfield code="t">ACS Applied Bio Materials</subfield>
    <subfield code="x">2576-6422</subfield>
  </datafield>
  <datafield tag="856" ind1="4" ind2=" ">
    <subfield code="s">1735894</subfield>
    <subfield code="u">http://zaguan.unizar.es/record/161112/files/texto_completo.pdf</subfield>
    <subfield code="y">Postprint</subfield>
    <subfield code="z">info:eu-repo/date/embargoEnd/2026-05-13</subfield>
  </datafield>
  <datafield tag="856" ind1="4" ind2=" ">
    <subfield code="s">1142783</subfield>
    <subfield code="u">http://zaguan.unizar.es/record/161112/files/texto_completo.jpg?subformat=icon</subfield>
    <subfield code="x">icon</subfield>
    <subfield code="y">Postprint</subfield>
    <subfield code="z">info:eu-repo/date/embargoEnd/2026-05-13</subfield>
  </datafield>
  <datafield tag="909" ind1="C" ind2="O">
    <subfield code="o">oai:zaguan.unizar.es:161112</subfield>
    <subfield code="p">articulos</subfield>
    <subfield code="p">driver</subfield>
  </datafield>
  <datafield tag="951" ind1=" " ind2=" ">
    <subfield code="a">2025-10-17-14:32:58</subfield>
  </datafield>
  <datafield tag="980" ind1=" " ind2=" ">
    <subfield code="a">ARTICLE</subfield>
  </datafield>
</record>
</collection>